ESTUDIOS DE DEMOGRAFIA /

Zapisane w:
Opis bibliograficzny
Kolejni autorzy: Kiser, Clyde V. (edición) (edición)
Format: Książka
Hasła przedmiotowe:
Etykiety: Dodaj etykietę
Nie ma etykietki, Dołącz pierwszą etykiete!

MARC

LEADER 00000nam^a2200000^a^4500
001 000232451
005 20250521000000.0
009 20260310104603.403
035 |a 053585 
037 |a Acervo Xavier Clavigero 
082 |a 304. 6  |b EST 
245 1 0 |a ESTUDIOS DE DEMOGRAFIA /  |c ED. CLYDE V. KISER ; TR. NURIA CORTADA DE KOHAN 
264 |a BUENOS AIRES :  |b FUNDACION MILBANK MEMORIAL,  |c 1967 
300 |a 527p. 
336 |a texto  |b txt  |2 rdacontenido 
337 |a sin mediación  |b n  |2 rdamedio 
338 |a volumen  |b nc  |2 rdasoporte 
649 |a XX 
650 |a Demografía 
700 |a Kiser, Clyde V.  |e (edición) 
910 |a Fondo General 
920 |a Impresos - Libros 
930 |a Colección General 
905 |a 101 
901 |a 053585  |b IT1  |c ACC  |i 053585  |u 20250521 
902 |a https://opac.biblio.iteso.mx/vufind/Record/000232451